[Event "Sunfair Open"]
[Site "?"]
[Date "1971.07.11"]
[Round "5"]
[White "Bailey, B."]
[Black "Shinn, K."]
[Result "1/2-1/2"]
[WhiteElo "1960"]
[BlackElo "1836"]
[Annotator "Stockfish 13 (15s)"]
[PlyCount "86"]
[EventDate "1971.??.??"]

{C42: Petroff Defence: 3 Nxe5 and unusual White 3rd moves} 1. e4 e5 2. Nf3 Nf6
3. Nxe5 d6 4. Nf3 Nxe4 5. d4 d5 6. Bd3 Bd6 7. Nbd2 O-O 8. O-O f5 9. c4 c6 10.
Re1 (10. cxd5 cxd5 11. Qb3 Kh8 12. Ne5 Nc6 13. Nxc6 bxc6 14. Nf3 Qc7 15. Qc2
Bd7 16. b3 Rae8 17. Bb2 f4 18. Rac1 Qd8 19. Rfe1 Ng5 20. Nxg5 Qxg5 21. Qd2 Kg8
22. Rxe8 Rxe8 23. Re1 Rxe1+ 24. Qxe1 f3 {
Zahariev,Z (2365)-Skembris,S (2530) Iraklion 1992 1/2-1/2 (94)}) 10... Nd7 $146
(10... Kh8 11. b3 Nd7 12. Bb2 Ndf6 13. c5 Bc7 14. b4 Ng4 15. Re2 Bf4 16. h3
Ngxf2 17. Rxf2 Be3 18. Qe2 Bxf2+ 19. Kh2 Bg3+ 20. Kg1 Bf2+ 21. Kh2 Qf6 22. Rf1
Bg3+ 23. Kg1 Be6 24. Qd1 Qh6 25. Qe2 {
Akhil,M-Miller,D (2278) Parsippany 2006 0-1}) (10... Be6 11. Qb3 Qe7 12. Nf1
$11) 11. Nf1 (11. cxd5 $142 cxd5 12. Qb3 $16) 11... Ndf6 $11 12. Qb3 Be6 13.
Ng5 Nxg5 14. Bxg5 Qd7 15. Bxf6 Rxf6 16. Ne3 $4 (16. Nd2 $142 dxc4 17. Bxc4 Bxc4
18. Nxc4 $11) 16... f4 $19 17. Nf1 Kh8 $4 (17... f3 18. g3 Raf8 19. c5 $19) 18.
c5 $2 (18. Nd2 f3 19. Nxf3 Rxf3 20. gxf3 Rf8 $11) 18... Be7 $4 (18... Bc7 $142
$17) 19. Nd2 $11 Bg4 (19... g5 $142 20. Nf3 g4 $11) 20. Bf1 $4 (20. Be2 Rg6 21.
Bxg4 Qxg4 $14) 20... Raf8 $4 (20... f3 $142 21. g3 Rf7 $17) 21. Nf3 Bxf3 22.
Qxf3 Bd8 23. a3 Bc7 24. Re2 Re6 (24... g6 25. Rae1 $11) 25. Qg4 (25. Qh3 $5 Re7
26. Rxe7 Qxe7 27. Bd3 $14) 25... Re7 $11 26. Qxd7 Rxd7 27. Rae1 Kg8 28. f3 (28.
Re7 Rxe7 29. Rxe7 Rf7 30. Re8+ Rf8 $11) 28... Kf7 29. Kf2 (29. g3 Bd8 $11)
29... Bd8 $15 30. g3 fxg3+ (30... Bf6 $5 31. Rd1 Re8 $15) 31. hxg3 $11 Re7 32.
Bh3 Rfe8 33. b4 Rxe2+ 34. Rxe2 Rxe2+ 35. Kxe2 Ke7 36. Bc8 b6 37. f4 Bc7 38. Kf3
Kd8 39. Bb7 Kd7 40. Kg4 $4 (40. a4 Bd8 $11) 40... bxc5 $4 (40... b5 41. Ba6 Bd8
$17) 41. dxc5 $11 Bd8 42. b5 (42. Kf5 $5 $11) 42... cxb5 $15 43. Bxd5 Be7
1/2-1/2

[Event "Match"]
[Site "?"]
[Date "1971.07.19"]
[Round "1"]
[White "Pitt, A."]
[Black "Bailey, B."]
[Result "1-0"]
[WhiteElo "2025"]
[BlackElo "1960"]
[Annotator "Stockfish 14 (15s)"]
[PlyCount "29"]
[EventDate "1971.??.??"]

{D07: Queen's Gambit: Chigorin Defence} 1. d4 d5 2. c4 dxc4 3. Nc3 a6 4. Nf3
Nc6 5. e4 Na5 $4 $146 (5... b5 6. Bf4 (6. d5 Na5 7. b4 Nb7 8. a4 Bd7 9. Ne5 Rb8
10. axb5 axb5 11. Qf3 Nd6 12. Be2 g6 13. O-O Bg7 14. Bf4 Nf6 15. Nc6 Bxc6 16.
dxc6 e5 17. Bxe5 O-O 18. Rfd1 Qe7 19. Bxd6 cxd6 20. Ra5 Qc7 {
Ovsejevitsch,S (2497)-Ruck,T (2339) Szombathely 2003 1-0}) 6... e6 7. g3 Nf6 8.
e5 Nd5 9. Bg5 Qd7 10. Bg2 h6 11. Bd2 Bb7 12. O-O Be7 13. h4 O-O-O 14. Nxd5 Qxd5
15. Ng5 Qxg2+ 16. Kxg2 Nxd4+ 17. f3 hxg5 18. Kh3 Nf5 19. Qe2 Rd3 20. Rad1 {
Papahristou,N-Kourkounakis,I (2405) Ikaros 1994 0-1}) (5... Bg4 6. Bxc4 (6. Be3
Bxf3 7. gxf3 e5 8. d5 Na5 9. f4 Bd6 10. fxe5 Bxe5 11. Bd4 Bxd4 12. Qxd4 Qf6 13.
e5 Qb6 14. Qxb6 cxb6 15. Bh3 Ne7 16. f4 b5 17. O-O-O b4 18. Ne4 Ng6 19. Nd6+
Kf8 20. Rd4 b5 {
Wong Foong Yin (2295)-Figler,I (2378) Washington DC 1999 1/2-1/2 (45)}) 6...
Bxf3 7. Qxf3 e6 8. d5 Ne5 9. Qe2 Nxc4 10. Qxc4 exd5 11. Nxd5 c6 12. Nc3 (12.
Ne3 g6 13. O-O Bg7 14. Rd1 Qc7 15. Bd2 O-O-O 16. Bc3 Nf6 17. e5 Nd5 18. Nxd5
cxd5 19. Qxc7+ Kxc7 20. Rac1 Kb8 21. f4 b6 22. Rd3 Kb7 23. Rcd1 Kc6 24. e6 d4
25. Bxd4 Bxd4+ 26. Rxd4 Rxd4 {
Kelleher,C-Waterman,D (2295) Seattle 1980 1/2-1/2 (45)}) 12... Bd6 13. Be3 Qc7
14. O-O-O O-O-O 15. e5 Bxe5 16. Rxd8+ Qxd8 17. Rd1 Qc7 18. Qb4 Nf6 19. Bb6 Bxc3
20. bxc3 {Van der Sterren,P (2545)-Formanek,E (2350) Antwerp 1995 0-1}) (5...
e5 $142 6. d5 Na5 $14) 6. Qa4+ $18 c6 7. b4 cxb3 8. axb3 b6 (8... e5 9. Qxa5
Qxa5 10. Rxa5 exd4 11. Re5+ Kd8 12. Na4 $18) 9. b4 Nb7 (9... e5 10. dxe5 b5 11.
Qxa5 Qxa5 12. bxa5 Ne7 $18) 10. Qxc6+ Qd7 (10... Bd7 11. Qxb7 e6 12. Bd2 Bxb4
13. Nb5 Bxd2+ 14. Kxd2 Bxb5 15. Bxb5+ Kf8 16. Rxa6 $18) 11. Qxb6 e6 12. Bb5 $1
axb5 13. Rxa8 Bxb4 (13... f6 14. Nxb5 Bxb4+ 15. Bd2 $18) 14. Rxc8+ $1 Qxc8 15.
Qxb5+ (15. Qxb5+ Qd7 16. Qxb4 $18) 1-0

[Event "Match"]
[Site "?"]
[Date "1971.07.27"]
[Round "2"]
[White "Bailey, B."]
[Black "Pitt, A."]
[Result "0-1"]
[WhiteElo "1959"]
[BlackElo "2015"]
[Annotator "Stockfish 14 (15s)"]
[PlyCount "128"]
[EventDate "1971.??.??"]

{C92: Closed Ruy Lopez: 9...Be6, Karpov and Flohr-Zaitsev Variations} 1. e4 e5
2. Nf3 Nc6 3. Bb5 a6 4. Ba4 b5 5. Bb3 d6 6. c3 Be7 7. d4 Nf6 8. O-O O-O 9. h3
Bb7 10. Re1 Nd7 11. Nbd2 Na5 (11... Nb6 12. Nf1 Rc8 13. Ne3 Re8 14. Ng4 exd4
15. cxd4 Na5 16. Bc2 c5 17. d5 f5 18. exf5 Nxd5 19. Ng5 Nf6 20. Ne6 Qd7 21. Bd2
b4 22. a3 Nc4 23. Ba4 Bc6 24. Bb3 d5 25. axb4 cxb4 26. Bc1 {
Wahls,M (2570)-Matthaei,A (2290) Neu Isenburg 1992 1-0 (36)}) 12. Bc2 c5 (12...
exd4 13. cxd4 c5 14. Nf1 Nc6 15. Bf4 Re8 16. Ne3 Nf8 17. d5 Nb4 18. Bb1 Ng6 19.
Bg3 Bf6 20. Qd2 a5 21. a3 Na6 22. Nf5 Ne5 23. Nxe5 dxe5 24. Qe2 Qd7 25. b3 Bc8
26. Bd3 Rb8 27. f3 {
Tristan,L (2288)-Diaz,N (2431) Buenos Aires 2006 1/2-1/2 (43)}) 13. d5 c4 $2
$146 (13... Rc8 14. b3 f5 15. exf5 Bxd5 16. Ne4 Nb6 17. Neg5 Bxf3 18. Nxf3 Bf6
19. Bb2 Re8 20. Nh2 Nc6 21. Ng4 d5 22. Nxf6+ Qxf6 23. Qg4 e4 24. Rab1 Ne5 25.
Qh5 c4 26. b4 Nd3 27. Re3 Re5 28. Bxd3 {
Wolfenson,D (2007)-Salas,R (1919) Santiago 2003 1/2-1/2 (45)}) (13... Bf6 14.
Nf1 g6 15. Bh6 Bg7 16. Qc1 Nf6 17. Ng3 Kh8 18. Qg5 Bxh6 19. Qxh6 Ng8 20. Qg5
Qxg5 21. Nxg5 Nc4 22. b3 Nb6 23. Bd3 Ne7 24. c4 b4 25. h4 a5 26. Bc2 h6 27. Nh3
a4 28. f3 {Sabater Comas,J-Gonzalez,F Barcelona 1999 1/2-1/2 (49)}) (13... Bc8
14. b4 Nb7 15. a4 Nb6 16. a5 Nd7 17. Nf1 g6 18. g4 f6 19. Ng3 Qe8 20. Kh2 Kh8
21. Rg1 Nd8 22. Be3 c4 23. Rg2 Nf7 24. Qd2 Rg8 25. Rag1 g5 26. Nf5 Nf8 27. h4
h6 28. Rh1 {Domnitz,Z-Stepak,Y Israel 1967 1-0 (47)}) (13... Nb6 $142 $5 $16)
14. Nf1 Bc8 15. Ng3 (15. b4 $5 cxb3 16. axb3 Nb7 $18) 15... Nb7 16. Nh2 (16.
Nf5 Nb6 17. g4 Re8 $16) 16... Bg5 17. Bxg5 Qxg5 18. a4 (18. Nf3 $5 Qf6 19. b4
cxb3 20. axb3 $14) 18... Rb8 $11 19. axb5 axb5 20. Ra6 (20. Qg4 Qxg4 21. Nxg4
Nb6 $11) 20... Ndc5 $15 21. Ra7 Bd7 22. Nf3 Qd8 23. Ra1 Na4 24. Bxa4 bxa4 25.
Qe2 (25. Nd2 $142 $5 $15) 25... Nc5 $17 26. Reb1 (26. Qe3 Nd3 27. Reb1 $19)
26... Nb3 $4 (26... g6 $142 $5 $19) 27. Ra2 (27. Ra3 g6 28. Qxc4 Bb5 $17) 27...
Qb6 (27... g6 $5 28. Qe3 f5 $17) 28. Nd2 Bb5 29. Nf5 (29. Qd1 $142 $17) 29...
Nc5 (29... g6 $142 30. Ne3 f5 $17) 30. Nxc4 $11 Bxc4 31. Qxc4 {
Attacks the isolani on a4} g6 32. Ne7+ Kg7 33. Nc6 Rb7 34. Kh1 (34. Rxa4 Nxa4
35. Qxa4 f5 36. exf5 Rxf5 $11) 34... f5 35. exf5 Rxf5 36. f3 Rf4 37. Qe2 Qb3
38. Raa1 Qxd5 39. Nb4 Qc4 40. Qxc4 Rxc4 41. Rd1 Rb6 42. Rd5 (42. Ra2 $5 $11)
42... Kf7 $15 43. Kg1 $2 (43. Rad1 $142 $5 Ke6 44. R5d2 $11) 43... Ke6 $17 44.
Rad1 e4 $4 (44... a3 $142 45. bxa3 Rxc3 $19) 45. Kf2 $4 (45. R5d2 $142 exf3 46.
gxf3 $11) 45... Nd3+ $19 46. Nxd3 (46. R1xd3 exd3 47. Rxd3 $19) 46... Kxd5 (
46... exd3 $6 47. R1xd3 Rc5 48. R5d4 Rxb2+ 49. Kg3 Rg5+ 50. Kf4 Rf5+ 51. Ke3
Re5+ 52. Kf4 g5+ 53. Kg3 $11) 47. Nb4+ (47. Nf4+ Kc6 48. Rd2 exf3 49. Kxf3 Rb8
$19) 47... Ke6 48. Ra1 (48. fxe4 Rxe4 49. Nd3 $19) 48... Rcxb4 49. cxb4 Rxb4
50. fxe4 (50. Ke3 exf3 51. Kxf3 d5 $19) 50... Rxb2+ 51. Kf3 Rb4 52. Rd1 (52.
Ke3 Ke5 53. Kd3 Rd4+ 54. Kc3 Rxe4 $19) 52... a3 53. Ra1 Ra4 54. Ra2 (54. Kf4 d5
$19) 54... h5 55. g3 (55. Kf4 Kf6 $19) 55... Ke5 56. g4 (56. Ke3 Rxe4+ 57. Kd2
Ra4 $19) 56... hxg4+ 57. hxg4 (57. Kxg4 Kxe4 58. Kg5 $19) 57... g5 58. Ke3
Rxe4+ 59. Kf3 Rf4+ 60. Ke2 Ra4 61. Kf3 Kd4 62. Rd2+ Kc3 63. Rxd6 (63. Ra2 Kb3
64. Re2 d5 65. Re3+ Kb4 66. Re1 a2 67. Ra1 Kc3 68. Ke2 Kb2 69. Rd1 a1=Q 70.
Rxa1 Rxa1 71. Ke3 d4+ 72. Kxd4 Rg1 73. Kd3 Rxg4 74. Ke2 Rc4 75. Ke3 g4 76. Kf2
g3+ 77. Kxg3 Kc3 78. Kf2 Kd3 79. Kf3 Kd2 80. Kf2 Rc3 81. Kf1 Ke3 82. Kg2 Ke2
83. Kg1 Kf3 84. Kh1 Kg3 85. Kg1 Rc1#) 63... a2 64. Rc6+ Kb3 (64... Kb3 65. Rc1
Kb2 66. Re1 a1=Q 67. Rxa1 Rxa1 68. Kg2 Kc3 69. Kf2 Kd4 70. Kg2 Ke3 71. Kg3 Rg1+
72. Kh3 Ke2 73. Kh2 Rxg4 74. Kh3 Rh4+ 75. Kg3 g4 76. Kxh4 Kf3 77. Kg5 g3 78.
Kf5 g2 79. Ke5 g1=Q 80. Kd5 Qg6 81. Ke5 Qc6 82. Kd4 Qb5 83. Kc3 Ke3 84. Kc2 Qb4
85. Kc1 Kd3 86. Kd1 Qd2#) (64... Kb2 65. Rb6+ Ka3 66. Re6 a1=Q 67. Re3+ Kb4 68.
Re4+ Kb5 69. Rxa4 Qxa4 70. Kg3 Qe4 71. Kh3 Qf3+ 72. Kh2 Qxg4 73. Kh1 Qf5 74.
Kh2 g4 75. Kg3 Qg6 76. Kf4 g3 77. Ke5 g2 78. Kd4 g1=Q+ 79. Kc3 Qc2+ 80. Kxc2
Kc4 81. Kd2 Qf2+ 82. Kc1 Kc3 83. Kb1 Qb2#) 0-1

[Event "Match"]
[Site "?"]
[Date "1971.08.24"]
[Round "3"]
[White "Pitt, A."]
[Black "Bailey, B."]
[Result "1-0"]
[WhiteElo "2015"]
[BlackElo "1959"]
[Annotator "Stockfish 14 (15s)"]
[PlyCount "27"]
[EventDate "1971.??.??"]

{A85: Dutch Defence: 2 c4 Nf6 3 Nc3} 1. d4 f5 2. c4 Nf6 3. Nc3 e6 4. Qc2 d6 5.
e4 Nc6 6. Nf3 fxe4 7. Nxe4 Bd7 8. Bd2 $146 (8. a3 Qe7 9. Be3 O-O-O 10. Bd3 h6
11. O-O-O g5 12. d5 exd5 13. Nxf6 Qxf6 14. cxd5 Ne5 15. Nxe5 Qxe5 16. Bxa7 Qxd5
17. Qc3 Be7 18. Rhe1 Qf7 19. Be4 Rde8 20. Bd4 Rhf8 21. Qa5 Qc4+ 22. Kb1 Qa6 {
Woniak,K (1997)-Reiss,R (1659) Halle 2005 1/2-1/2 (40)}) 8... Qe7 9. Bd3 (9.
Be2 $142 g6 10. Ng3 $16) 9... b6 $4 (9... Nxe4 $142 10. Bxe4 d5 11. Bxh7 O-O-O
$16) 10. O-O $18 d5 (10... O-O-O 11. Rfc1 Kb8 12. a4 $18) 11. Nxf6+ Qxf6 12.
cxd5 exd5 13. Rfe1+ (13. Rae1+ Be7 14. Bg5 Qd6 15. Rxe7+ Nxe7 $18) 13... Kd8 (
13... Be7 14. Bg5 Qd6 15. Rxe7+ Nxe7 16. Re1 $18) 14. Bg5 (14. Bg5 Nb4 15. Qb3
Nxd3 16. Qxd3 $18) 1-0

[Event "Match"]
[Site "?"]
[Date "1971.10.12"]
[Round "4"]
[White "Bailey, B."]
[Black "Pitt, A."]
[Result "1-0"]
[WhiteElo "1937"]
[BlackElo "2022"]
[Annotator "Stockfish 14 (15s)"]
[PlyCount "89"]
[EventDate "1971.??.??"]

{C70: Ruy Lopez: 3...a6 4 Ba4, Norwegian and Delayed Schliemann} 1. e4 e5 2.
Nf3 Nc6 3. Bb5 a6 4. Ba4 b5 5. Bb3 Na5 6. d4 Nxb3 7. axb3 exd4 8. Qxd4 Bb7 9.
Nc3 (9. Bg5 f6 10. Bf4 Ne7 11. Nc3 Nc6 12. Qe3 Bb4 13. O-O-O Bxc3 14. Qxc3 d6
15. Nh4 Qd7 16. Nf5 O-O-O 17. Rd2 Kb8 18. Rhd1 Qf7 19. f3 Rhe8 20. Bxd6 cxd6
21. Nxd6 Qe6 22. Nxe8 Rxd2 23. Qxd2 Qxe8 {
Erenburg,S (2533)-Khmelniker,I (2444) Ramat Aviv 2004 1-0 (54)}) 9... c5 $146 (
9... Ne7 10. O-O Nc6 11. Qd5 d6 (11... Be7 12. Ne5 O-O 13. Nxd7 Re8 14. Rd1 b4
15. Na4 Bd6 16. Nac5 Qh4 17. g3 Qh3 18. Nxb7 Qxd7 19. Bf4 Ne7 20. Qd3 Ng6 21.
Bxd6 cxd6 22. Nxd6 Re6 23. Rxa6 Rd8 24. Nb7 Qxd3 25. Rxd3 Rb8 26. Rxe6 {
Brinck Claussen,B-Pedersen,E Holstebro 1964 1-0}) 12. Qh5 g6 13. Qh3 Qd7 14.
Qh4 Bg7 15. Nd5 O-O 16. Bh6 f6 17. Rfe1 Rae8 18. Rad1 Rf7 19. Bxg7 Kxg7 20. h3
Ne5 21. Nh2 Bxd5 22. exd5 Rfe7 23. Re3 g5 24. Qg3 {
Safvat,Y-Hoen,R (2300) Tel Aviv 1964 1/2-1/2 (65)}) (9... Qf6 10. Qd3 Bb4 11.
O-O Ne7 12. Bd2 Bc5 13. b4 Bb6 14. Nd5 Nxd5 15. exd5 O-O 16. b3 Qd6 17. c4 c5
18. cxb5 axb5 19. bxc5 Bxc5 20. Rxa8 Bxa8 21. Qxb5 Rb8 22. Qa4 Qxd5 23. b4 Bd6
24. Qa5 {Priborsky,J (2274)-Simacek,P (2439) Havlickuv Brod 2004 0-1}) (9...
Qf6 $5 $14) 10. Qd3 Ne7 $2 (10... Be7 11. Bf4 Nf6 12. e5 $16) 11. O-O (11. Be3
$142 $5 Nc8 12. O-O-O $18) 11... Ng6 $16 12. Bd2 (12. Be3 Be7 13. h4 h5 $16)
12... b4 (12... Be7 13. Nd5 Bxd5 14. Qxd5 $14) 13. Nd5 $16 a5 $4 (13... Be7
$142 14. c3 a5 $16) 14. Rfe1 (14. h4 $5 h5 15. Bg5 Be7 16. Nxe7 Nxe7 $18) 14...
Be7 15. Be3 (15. h4 Nxh4 16. Nxh4 Bxh4 $18) 15... Ba6 $2 (15... O-O $142 $16)
16. c4 $18 O-O 17. Rad1 (17. h4 $5 Re8 18. h5 Nf8 $18) 17... Bb7 18. Nxe7+ (18.
h4 h5 19. e5 Bxd5 20. Qxd5 Qc8 $18) 18... Qxe7 19. Qxd7 Qxd7 20. Rxd7 Bxe4 21.
Bxc5 Bxf3 $2 (21... Rfe8 $142 $16) 22. gxf3 $18 Rfc8 23. Bb6 (23. Bd6 a4 24.
bxa4 Rxc4 $18) 23... a4 24. bxa4 Rxc4 (24... Rxa4 25. c5 h5 $18) 25. Rd8+ Rxd8
26. Bxd8 f6 27. Re4 (27. a5 $142 Ne5 28. Ra1 $18) 27... Ne5 $4 (27... Rc1+ $142
28. Kg2 Ne5 $18) 28. Rxc4 Nxc4 29. a5 Nd6 30. Bb6 (30. Be7 $142 Nb5 31. Bxb4
$18) 30... b3 (30... Kf7 31. Bc5 Ke6 32. Bxb4 Nb5 $18) 31. a6 Nc8 32. Bc5 Kf7
33. a7 Nxa7 34. Bxa7 Ke6 35. Bd4 Kd5 36. Bc3 Kc4 37. Kf1 Kd3 38. Ke1 Kc2 39.
Ke2 f5 40. Bxg7 f4 41. Be5 h5 (41... Kc1 42. Kd3 h6 43. h3 h5 44. h4 Kd1 45.
Bxf4 Ke1 46. Bd6 Kd1 47. f4 Kc1 48. Be5 Kb1 49. f5 Ka1 50. f6 Kb1 51. f7 Ka1
52. f8=Q Ka2 53. Qa3+ Kb1 54. Qa6 Kc1 55. Qa1#) 42. h3 (42. h4 Kc1 43. Kd3 Kd1
44. Bxf4 Ke1 45. Bd6 Kd1 46. f4 Kc1 47. Be5 Kb1 48. f5 Ka1 49. f6 Kb1 50. f7
Ka1 51. f8=Q Ka2 52. Qa3+ Kb1 53. Qa6 Kc1 54. Qa1#) 42... Kc1 43. Kd3 (43. h4
Kc2 44. Bh8 Kc1 45. Bf6 Kc2 46. Be5 Kc1 47. Kd3 Kd1 48. Bxf4 Ke1 49. Bg5 Kd1
50. Be3 Ke1 51. f4 Kd1 52. f5 Ke1 53. f6 Kf1 54. f7 Kg2 55. f8=Q Kh3 56. Qf3+
Kh2 57. Bf4+ Kg1 58. Bg3 Kf1 59. Qh1#) 43... Kd1 44. Bxf4 Ke1 45. Bg3 (45. Bg3
h4 46. Bd6 Kxf2 47. f4 Kg3 48. f5+ Kxh3 49. f6 Kg4 50. Ke4 h3 51. f7 h2 52.
Bxh2 Kh3 53. f8=Q Kxh2 54. Qg7 Kh1 55. Qg1+ Kxg1 56. Kd3 Kf2 57. Kc3 Ke2 58.
Kxb3 Kd3 59. Ka4 Kd2 60. b4 Kc2 61. b5 Kc1 62. b6 Kd1 63. b7 Ke2 64. b8=Q Kf2
65. Kb3 Ke3 66. Qb4 Kf3 67. Qh4 Ke3 68. Kc2 Kf3 69. Kd3 Kg2 70. Ke2 Kg1 71. Kf3
Kf1 72. Qf2#) (45. Bd6 Kd1 46. f4 Kc1 47. Be5 Kd1 48. f5 Kc1 49. f6 Kd1 50. f7
Ke1 51. f8=Q Kf1 52. Qf3 Kg1 53. Ke2 h4 54. Qf4 Kg2 55. Qh2#) 1-0

[Event "Boeing Action"]
[Site "?"]
[Date "1971.09.21"]
[Round "1"]
[White "Bachus, W."]
[Black "Bailey, B."]
[Result "0-1"]
[WhiteElo "1647"]
[BlackElo "1959"]
[Annotator "Stockfish 13 (15s)"]
[PlyCount "50"]
[EventDate "1971.??.??"]

{D27: Queen's Gambit Accepted: Classical main line: 7 e4!? and 7 a4} 1. d4 d5
2. c4 dxc4 3. Nc3 Nf6 4. e3 e6 5. Bxc4 a6 6. a3 b5 7. Ba2 c5 8. Nf3 Bb7 9. O-O
Be7 10. Ne5 $146 (10. Qe2 Nbd7 (10... O-O 11. Rd1 Nbd7 12. dxc5 Bxc5 13. b4 Ba7
14. Bb2 Qe7 15. h3 Rfd8 {
1/2-1/2 (15) Panno,O (2510)-Braga,F (2375) Mar del Plata 1982}) 11. Rd1 (11. e4
cxd4 12. Nxd4 Qb8 13. Bg5 Bd6 14. Kh1 h6 15. Bd2 Be5 16. Nf3 Bc7 {
1/2-1/2 (16) Jankovic,A (2525)-Marzolo,C (2440) Paris 2006}) 11... Qb8 12. dxc5
(12. e4 cxd4 13. Nxd4 Bd6 14. g3 O-O 15. f3 Rd8 16. Be3 h5 17. b4 h4 18. g4 Nf8
19. Qf2 Ng6 20. Nxe6 fxe6 21. Bxe6+ Kf8 22. Bf5 Ne5 23. Bb6 Nxf3+ 24. Qxf3
Bxh2+ 25. Kg2 Rxd1 26. Rxd1 Qg3+ {
Kozul,Z (2580)-Dorfman,J (2575) Cetinje 1991 1-0 (38)}) 12... Bxc5 13. b4 Bd6
14. h3 Ne5 {1/2-1/2 (14) Ignatiev,V-Dokutchaev,A (2440) Novgorod 1997}) (10.
Qe2 $142 $5 b4 11. axb4 cxb4 12. Na4 $11) 10... Nbd7 11. Nxd7 Qxd7 12. f3 $2 (
12. dxc5 Qc6 13. f3 Qxc5 $15) 12... O-O (12... Rd8 13. dxc5 Qc7 14. Qe2 Bxc5
15. Kh1 $17) 13. Ne2 $2 (13. dxc5 $142 Bxc5 14. Qxd7 Nxd7 15. b4 $15) 13...
Rfd8 $19 14. b3 (14. Bd2 a5 $19) 14... Qc6 (14... e5 15. b4 cxb4 16. axb4 Bxb4
17. Bb2 $19) 15. Bb2 Ng4 16. Qd2 $4 (16. Qc1 Rac8 17. d5 Rxd5 18. e4 $19) 16...
Bg5 17. Nf4 cxd4 18. fxg4 (18. Bxd4 e5 19. Rac1 Qb6 20. Bxb6 Rxd2 $19) 18...
dxe3 19. Qe2 (19. Qc3 Qxc3 20. Bxc3 $19) 19... Bxf4 (19... Rd2 20. Qf3 Rxb2 21.
Bb1 Qxf3 22. gxf3 Bxf4 23. Bd3 Bxh2+ 24. Kh1 $19) 20. Rac1 (20. Bc1 Rac8 21.
Rxf4 Qxc1+ 22. Rxc1 Rxc1+ 23. Rf1 Rd2 24. Rxc1 Rxe2 $19) 20... Qd6 21. Rcd1
Bxh2+ 22. Kh1 Qg3 23. Rf3 Bxf3 (23... Qh4 24. Rxd8+ Rxd8 25. Bf6 gxf6 26. Qe1
Bg3+ 27. Kg1 Qh2+ 28. Kf1 Qh1+ 29. Ke2 Qxe1#) 24. gxf3 (24. Qxf3 Rxd1+ 25. Qxd1
Qh4 26. g3 Qh3 27. Qc2 Rd8 28. Bd4 e2 29. Qxe2 Bxg3+ 30. Kg1 Rxd4 31. a4 Rd1+
32. Qxd1 Qh2+ 33. Kf1 Qf2#) 24... Rxd1+ 25. Qxd1 e2 $1 (25... e2 26. Qb1 Qh3
27. Qxh7+ Qxh7 28. Kg2 e1=Q 29. Bd4 Qg3+ 30. Kf1 Qd3#) 0-1

[Event "Boeing Action"]
[Site "?"]
[Date "1971.09.21"]
[Round "2"]
[White "Knittle, J."]
[Black "Bailey, B."]
[Result "0-1"]
[WhiteElo "1695"]
[BlackElo "1959"]
[Annotator "Stockfish 13 (15s)"]
[PlyCount "30"]
[EventDate "1971.??.??"]

{B29: Sicilian: 2 Nf3 Nf6 (Nimzowitsch Variation)} 1. e4 c5 2. Nf3 Nf6 3. e5
Nd5 4. d4 e6 5. Bd2 $4 $146 (5. c4 Nc7 6. dxc5 (6. Bg5 Be7 7. Bxe7 Qxe7 8. dxc5
Qxc5 9. Qd6 Nba6 10. a3 b6 11. b4 Qc6 12. b5 Qe4+ 13. Be2 Nc5 14. Nbd2 Qb7 15.
O-O Qb8 16. Ng5 Bb7 17. Bh5 g6 18. Bf3 h6 19. Nge4 Nxe4 20. Nxe4 Kd8 {
Ivanov,A (2647)-Mondello,J (1866) Mount Snow 2002 1-0}) (6. d5 d6 7. exd6 Qxd6
8. Nc3 exd5 9. cxd5 Be7 10. g3 Qd8 11. Bg2 O-O 12. O-O Nba6 13. a3 Ne8 14. Bf4
Nd6 15. Qd2 h6 16. Rad1 Bf5 17. Rfe1 Re8 18. h3 g5 19. Bxd6 Bxd6 20. Nb5 Rxe1+
{Hlavac,R (2158)-Pecha,J (2022) Brno 2005 1-0 (34)}) 6... Bxc5 7. a3 d5 8. b4
Be7 9. Bd2 O-O 10. Nc3 b6 11. Bd3 dxc4 12. Be4 Nd5 13. Qc2 f5 14. exf6 Bxf6 15.
Bxh7+ Kh8 16. Rd1 Nc6 17. Ne4 Ne5 18. Nxe5 Bxe5 19. Ng5 Qf6 {
Farah,R-Piazzini,L Buenos Aires 1959 0-1 (37)}) (5. dxc5 Bxc5 6. c4 Nb6 7. a3
d5 8. exd6 Bxd6 9. Be3 Qc7 10. Nc3 a6 11. Qd4 N8d7 12. Qxg7 Rf8 13. Ne4 Bf4 14.
Bxf4 Qxf4 15. Qd4 Ke7 16. Rd1 f5 17. Nc3 Qxd4 18. Rxd4 Rg8 19. Rh4 Nf6 {
Pedersen,E-Sorensen,I Esbjerg 1972 1/2-1/2 (41)}) (5. c4 $5 Ne7 6. d5 $16) 5...
Nc6 (5... cxd4 6. Nxd4 d6 7. exd6 Bxd6 8. c4 $11) 6. c3 (6. c4 Nb6 7. dxc5 Bxc5
8. Nc3 $14) 6... Qb6 (6... d6 $142 $11) 7. dxc5 $4 (7. c4 $142 Nc7 8. d5 exd5
9. Nc3 dxc4 10. Bxc4 $16) 7... Bxc5 (7... Qxb2 $142 $5 8. Qb3 Qxa1 9. Bb5 $19)
8. Qc2 (8. Na3 Bxf2+ 9. Ke2 Qxb2 $19) 8... Bxf2+ 9. Kd1 Ne3+ (9... d6 $5 10.
exd6 Bc5 11. Na3 Bxd6 12. Nc4 $19) 10. Bxe3 Qxe3 (10... Bxe3 11. Na3 Bc5 12.
Nc4 $19) 11. Bd3 Bh4 $4 (11... Qb6 $142 $19) 12. Nxh4 $14 Nxe5 13. Bb5 (13. Be2
$142 $5 g5 14. Nf3 $14) 13... Ng4 $17 14. Rf1 $4 (14. Qe2 $142 Nf2+ 15. Ke1
Qxe2+ 16. Kxe2 Nxh1 17. Nd2 $17) 14... Qh6 (14... Qg5 $142 $5 15. Nf5 exf5 16.
Qe2+ Ne3+ 17. Kd2 $19) 15. Nf3 (15. Qd2 Qxh4 16. Qf4 $19) 15... Ne3+ (15...
Ne3+ 16. Kc1 Nxc2+ 17. Kxc2 O-O $19) 0-1

[Event "Boeing Action"]
[Site "?"]
[Date "1971.09.28"]
[Round "3"]
[White "Bailey, B."]
[Black "Pitt, A."]
[Result "0-1"]
[WhiteElo "1959"]
[BlackElo "2015"]
[Annotator "Stockfish 13 (15s)"]
[PlyCount "70"]
[EventDate "1971.??.??"]

{C70: Ruy Lopez: 3...a6 4 Ba4, Norwegian and Delayed Schliemann} 1. e4 e5 2.
Nf3 Nc6 3. Bb5 a6 4. Ba4 b5 5. Bb3 Na5 6. Nc3 d6 7. d3 Nxb3 8. axb3 Bb7 9. O-O
Nf6 10. b4 $146 (10. Ne2 Be7 11. Ng3 h6 12. Re1 O-O 13. Be3 c5 14. c3 Ng4 15.
Bc1 Qc7 16. h3 Nf6 17. Qe2 Rfd8 18. c4 b4 19. Be3 Bf8 20. Ra2 g6 21. Qd2 Kh7
22. Nh2 Bg7 23. Rea1 Ng8 24. Ne2 f5 {
Przybylski,B-Bulski,K Krynica 1998 0-1 (44)}) 10... Be7 11. Ne2 (11. Bg5 O-O
$11) 11... d5 12. exd5 (12. Nxe5 Bd6 13. d4 dxe4 $11) 12... Nxd5 (12... Qxd5
13. c3 O-O-O 14. d4 $17) 13. Ng3 f6 14. c3 O-O (14... Qd7 15. d4 exd4 16. Nxd4
$15) 15. Qe2 (15. d4 $5 $11) 15... c5 (15... Re8 16. Qd1 $17) 16. bxc5 Bxc5 17.
Be3 (17. Ne4 Be7 $15) 17... Qc7 18. d4 Bb6 (18... exd4 19. Bxd4 Nf4 20. Qd2 $17
) 19. dxe5 Nxe3 20. fxe3 Bxf3 (20... Bd5 $5 21. exf6 Bc4 22. fxg7 Rfe8 $17) 21.
Rxf3 Qxe5 22. Kh1 (22. Nf5 g6 23. Nd4 f5 $15) 22... Rfe8 (22... g6 23. e4 $17)
23. e4 (23. Nf5 Bc7 24. g3 Bb6 $15) 23... Red8 (23... g6 $5 24. Qf1 Kg7 $17)
24. Rf5 $11 Qe6 25. Raf1 (25. Nh5 Rd7 26. Nf4 Qc6 $11) 25... Bc7 $15 26. Qg4 $4
(26. Nh5 Be5 $15) 26... Be5 $4 (26... g6 $142 27. h3 Kg7 $19) 27. Nh5 $17 Ra7 (
27... Qd7 28. Nf4 $15) 28. Qh4 (28. Nxf6+ $142 $5 Bxf6 29. e5 $11) 28... Rf7 (
28... Qc8 $142 $17) 29. Ng3 $4 (29. Nf4 $142 $5 Qc4 30. Nd5 $17) 29... Rd2 (
29... g6 $142 30. R5f2 Rfd7 $19) 30. h3 $4 (30. R5f2 $142 Rxf2 31. Rxf2 $19)
30... Rxb2 (30... g6 $142 31. Qg4 Kh8 32. Rxe5 Qxe5 33. Ra1 Rxb2 34. Rxa6 $19)
31. Rd1 (31. Qg4 Rd2 32. Ne2 $19) 31... Rd7 32. Rxd7 (32. Rg1 g6 33. Rf3 a5 $19
) 32... Qxd7 33. Nf1 (33. Rf1 Qd2 34. Rg1 Qf2 $19) 33... a5 34. Qe1 Qd3 35. Rf3
Qe2 (35... Qe2 36. Qxe2 Rxe2 $19) 0-1